000 00982cam a22001934a 4500
005 20250605163957.0
008 250528s ||||||||||||||||||||||||d
035 _a15500
020 _a77098587
040 _aGR-AtMCL
_bgre
_dGR-AtMCL
_eAACR2
245 1 _aEntrepreneurship
260 _bMcgraw Hill Book Company,
_c2003
300 _a334
520 _aThis book is not just about the theory of entrepreneurship, but about the application of theory to practice. Introduction, Entrepreneurship and the Environment, The Role of Entrepreneurship in the Economy and Society, Support for Entrepreneurship Development, Entrepreneurship and the Person, The Nature and Characteristics and Behavior of the Entrepreneur, Entrepreneurship and Motivation and Leadership, Entrepreneurship and the Organization, The Entrepreneur New Venture, Retaining Entrepreneurship as the Venture Grows, Index.
700 1 _aKirby A. David
_91433
942 _cBK
999 _c1077
_d1077